000 00511nam a22001817a 4500
999 _c101428
_d101428
005 20181205142544.0
010 _aENG-115505
020 _a9789381384435
_c150.00
035 _aEN-99037
037 _bDBAD/PUB
082 _a158.1
100 _aSharma,Hari Dutt
245 _aPeace of Mind :
_bin unique verses /
260 _aNew Delhi
_bV & S Publishers
_c2015
270 _aF-2/16,Ansari Road,Daryaganj
_bNew Delhi
_e110002
300 _a174p
_c21cm(pbk)
942 _2ddc
_cEN
_h158.1
_mHAR